00545nam a2200133Ia 4500008004100000100002000041245007100061260003600132650001200168650007700180856004400257999001900301952009100320171212s9999 xx 000 0 und d aKatz, Steven T. cKatz, Steven T.aThe Essential AgusbThe Writings of Jacob B. Agus bNew York University Pressc1997 aHistory aJudaism; Philosophy, Jewish; Agus, Jacob B. (Jacob Bernard), 1911–1986 uhttp://www.jstor.org/stable/j.ctt9qfs0p c351560d351560 001040aCLbCLd2017-12-12l0oBM 45 .A393 1996r2017-12-12 00:00:00w2017-12-12yCBE